| 000 | 00799caa a22002057a 4500 | ||
|---|---|---|---|
| 999 |
_c458281 _d458281 |
||
| 001 | 5147323 | ||
| 003 | UA-OsUOA | ||
| 005 | 20200221140227.0 | ||
| 008 | 200221b un ||||| |||| 00| 0 ukr d | ||
| 040 |
_aUA-OsUOA _bukr _cUA-OsUOA _dUA-OsUOA |
||
| 041 | _aukr | ||
| 080 | _a908 | ||
| 090 | _a908 | ||
| 100 | _aО. Василишин | ||
| 245 |
_aНауковий доробок волинезнавця Г. І. Чернихівського _cО. Василишин |
||
| 300 | _aС. 78–82 | ||
| 650 | _2UDC | ||
| 773 | 0 |
_0327740 _9350313 _dОстрог НаУОА 2006 _o99148 _tІсторія музейництва, пам'яткоохоронної справи, краєзнавства і туризму в м. Острозі та на Волині _w(UA-OsUOA) 41599 |
|
| 942 |
_2udc _cBKA |
||